01010nam a2200241 a 4500001001000000003000500010005001700015008004100032010001100073011001100084040000900095100002700104245019400131260004100325500006000366502010800426650004900534650002000583650002000603650003600623650003900659856007000698000111198CHAP20220329144202.0150119s2014 mx sm |||||||spa d a107660 a108632 cCHAP1 aPérez Morales, Arbey10aComportamiento de ciento veinte trigos harineros (Triticum aestivum L.) a nivel de plántulas al daño de la roya amarilla (Puccinia striiformis)h[En línea]cpor Arbey Pérez Morales. aChapingo, Méx. :bEl autor,c2014. aPara ver el contenido del material haga clic en la liga aTesis (Ing. Agr. Esp. en Parasitología Agrícola) -- UACH. Departamento de Parasitología Agícola aTrigoxVariedades resistentes a enfermedades14aRoya del trigo.14aTrigo harinero.14aTrigoxEnfermedades por hongos.14aTrigoxResistencia a enfermedades. aFinding aiduhttp://10.13.5.2/tesis/sist111198.pdfzTeclea aquí